| 000 | 00834cam a2200217 a 4500 | ||
|---|---|---|---|
| 999 |
_c7622 _d7622 |
||
| 020 | _a0618144951 (pbk.) | ||
| 022 | _a9780618144952 | ||
| 050 | 0 | 0 |
_aPE1112 _b.P578 |
| 100 | 1 | _aPorter, Patricia A., | |
| 245 | 1 | 0 |
_aRead, write, edit : _bgrammar for college writers / _cPatricia Porter, Deborah vanDommelen. |
| 260 |
_aBoston : _bHoughton Mifflin, _c2005. |
||
| 300 |
_axiv, 194 p. : _bill. ; _c26 cm. |
||
| 500 | _aIncludes index. | ||
| 505 | _aReview of grammar basics -- Review of common structure problems : sentence structure, subject-verb agreement, verb tenses -- Verb tenses for generalizations and support, and reportingideas. | ||
| 650 | 0 |
_aEnglish language _xGrammar |
|
| 650 | 0 |
_aEnglish language _xRhetoric |
|
| 650 | 0 | _aReport writing | |
| 650 | 0 | _aCollege readers. | |
| 700 | 1 | _aVanDommelen, Deborah. | |
| 942 | _cBK | ||